Loading...
Any History | 6 | 11.67 | 83% | 33% | 0% |
Fine Arts - Classical Music | 6 | 13.33 | 100% | 17% | 17% |
Fine Arts - Other Fine Arts | 9 | 8.89 | 78% | 0% | 11% |
Geography | 3 | 16.67 | 100% | 67% | 0% |
History - American History | 11 | 13.64 | 73% | 55% | 9% |
History - European History | 7 | 8.57 | 71% | 14% | 0% |
History - World History | 6 | 13.33 | 100% | 33% | 0% |
Literature - American Literature | 6 | 13.33 | 100% | 33% | 0% |
Literature - British Literature | 4 | 15.00 | 100% | 50% | 0% |
Literature - European Literature | 7 | 10.00 | 86% | 14% | 0% |
Literature - World Literature | 9 | 13.33 | 100% | 22% | 11% |
Mythology | 6 | 16.67 | 100% | 50% | 17% |
Other Academic | 3 | 23.33 | 100% | 67% | 67% |
Painting & Sculpture | 4 | 7.50 | 25% | 25% | 25% |
Philosophy | 5 | 20.00 | 100% | 80% | 20% |
Religion | 5 | 14.00 | 100% | 40% | 0% |
Science - Biology | 5 | 14.00 | 100% | 40% | 0% |
Science - Chemistry | 9 | 8.89 | 56% | 33% | 0% |
Science - Other Science | 8 | 10.00 | 75% | 25% | 0% |
Science - Physics | 7 | 12.86 | 86% | 43% | 0% |
Social Science | 7 | 11.43 | 86% | 29% | 0% |